000 00541nam a2200157 i 4500
001 89362
003 ES-MaACL
005 20230906180145.0
007 t|
008 050110s1911 fr ||||1| fre d
100 1 _aLanglois, Charles-Victor.
_970063
245 1 3 _aLa connaisance de la nature et du monde au moyen age d'apres quelques ecrits français a l'usage des laies /
_cCharles Victor Langlois.
260 _aParis :
_b[s.n.,
_c1911] (
_eChartres :
_fImprimerie Durand)
300 _aXXIV, 400 p. ;
_c19 cm.
852 _aES-MaACL
_jF-9332
999 _c89362
_d89362